000 00455nam a2200169Ia 4500
008 240830s2005 xx 000 0 und d
041 _aeng
082 _a618.1/ZIT
100 _aZUTSHI, VIJAY/RATHORE, A. M.
245 _aHORMONES IN OBSTETRICS AND GYNAECOLOGY
250 _a2
260 _aNEW DELHI
_bJAYPEE BROTHERS
_c2005
300 _a165p
650 _aGYANECOLOGY
906 _aHORMONES IN OBSTETRICS AND GYNAECOLOGY
999 _c1186270
_d1186270